Ricostruisci la Carriera del Calciatore - Rivaldo - Statistics

Statistiche generali
  • Questo quiz è stato fatto 2 volte
  • Il punteggio medio è 3 su 17
Statistiche sulle risposte
Hint Risposta % Corretto
1991 Santa Cruz
100%
1997-2002 Barcellona
50%
2008-2010 Bunyodkor
50%
2002-2003 Milan
50%
2004-2007 Olympiakos
50%
2007-2008 AEK Atene
0%
1993-1994 Corinthians
0%
2004 Cruzeiro
0%
1996-1997 Deportivo La Coruña
0%
2012 Kabuscorp
0%
1992-1993 Mogi Mirim
0%
2011 Mogi Mirim
0%
2014-2015 Mogi Mirim
0%
1994-1996 Palmeiras
0%
1989-1990 Paulista
0%
2011 San Paolo
0%
2013 São Caetano
0%
Nessun quiz corrispondente trovato
Distribuzione punteggi
Percentuale di utenti per punteggio
Percentile per numero di risposta
I tuoi punteggi nel tempo
Non hai fatto questo quiz